Milagros de Nuestra Señora

保存先:
書誌詳細
第一著者: Berceo, Gonzalo de
フォーマット: 図書
言語:Undetermined
出版事項: Madrid, España Editorial Castalia 1985
主題:
タグ: タグ追加
タグなし, このレコードへの初めてのタグを付けませんか!

MARC

LEADER 00000nam a2200000Ia 4500
008 170316s9999 xx 000 0 und d
040 |a cru BVZT 
090 |a 862 B-11m 
100 |a Berceo, Gonzalo de 
245 |a Milagros de Nuestra Señora 
260 |a Madrid, España 
260 |b Editorial Castalia 
260 |c 1985 
300 |a 235 páginas 
650 |a LITERATURA ESPAÑOLA 
999 |c 9512  |d 9512 
942 |c 15 D  |h 862 B-11m  |2 z